| 000 | 00701nam a2200217Ia 4500 | ||
|---|---|---|---|
| 005 | 20250507130438.0 | ||
| 008 | 008 250505s9999 xx 000 0 chi d | ||
| 020 | _a9788961870849 | ||
| 037 | _aAnnuals, Advances | ||
| 040 |
_aEASL _beng _cEASL |
||
| 041 |
_achi _2eng |
||
| 084 |
_aV49B:195.P1, P9 _qEASL |
||
| 100 |
_aBae Chinsoo,Etc. Ed. _9672592 |
||
| 245 | 0 | _aTerritorial issues in Europe and East Asia: Colonialim, war occupation, and conflict resolution | |
| 260 |
_aSouth Korea _bSeoul Northeast Asian History Foundation _c2009 |
||
| 300 | _a236p. | ||
| 365 |
_a _b15.00 |
||
| 650 | _aGen | ||
| 942 |
_cTEXL _hV49B:195.P1, P9 |
||
| 999 |
_c1320222 _d1320222 |
||